Promocion: conceptos y estrategias/ (Registro nro. 9196)

Detalles MARC
000 -LEADER
fixed length control field 01468nam a2200205Ia 4500
005 - FECHA Y HORA DE LA ÚLTIMA TRANSACCIÓN
control field 20230908100313.0
008 - FIXED-LENGTH DATA ELEMENTS--GENERAL INFORMATION
fixed length control field 230906s9999 xx 000 0 und d
020 ## - INTERNATIONAL STANDARD BOOK NUMBER
International Standard Book Number 9586005593
040 ## - CATALOGING SOURCE
Original cataloging agency UPAN
Transcribing agency Biblioteca San Vicente
Description conventions RCAA2
041 ## - LANGUAGE CODE
Language code of text/sound track or separate title spa
082 ## - DEWEY DECIMAL CLASSIFICATION NUMBER
Classification number 658.82
Item number B876p
año de publicación 1996
100 ## - MAIN ENTRY--PERSONAL NAME
Personal name Burnett, John
Relator code aut.
245 #0 - TITLE STATEMENT
Title Promocion: conceptos y estrategias/
Remainder of title John Burnett
260 ## - PUBLICATION, DISTRIBUTION, ETC. (IMPRINT)
Place of publication, distribution, etc Colombia:
Name of publisher, distributor, etc McGraw Hill,
Date of publication, distribution, etc 1996
300 ## - PHYSICAL DESCRIPTION
Extent 410 p.;
Dimensions 27 cm.
505 ## - FORMATTED CONTENTS NOTE
Formatted contents note Parte I. Marketing y promoción<br/>1. Administración de promoción: una visión general marketing para estudiantes universitarios <br/>2. La promoción y la mezcla de marketing POST-IT - Una nueva categoría de producto<br/>Parte II. Determinar las oportunidades de promoción<br/>3. Toma de decisiones por parte de los compradores<br/>Parte III. La mezcla promocional<br/>4. Comunicación de marketing<br/>5. Promoción de ventas para los consumidores<br/>6. Promoción e ventas para vendedores y el comercio <br/>7. Relaciones públicas <br/>8. Los medios de promoción<br/>9. Desarrollar el plan de los medios de comunicación<br/>10. La venta personal<br/>Parte IV. Presupuesto y evaluación en promoción<br/>11. Apropiación de recursos para la promoción <br/>12. Como medir el desempeño de la promoción<br/>Parte V. Aplicaciones especiales<br/>13. La promoción a través del marketing directo<br/>14. Marketing internacional y promoción
650 ## - SUBJECT ADDED ENTRY--TOPICAL TERM
Source of heading or term LEMB
General subdivision Promocion
700 ## - ADDED ENTRY--PERSONAL NAME
Personal name Ceciclia Avila de Barón
Relator code tr.
942 ## - ADDED ENTRY ELEMENTS (KOHA)
Koha item type Libros
Source of classification or shelving scheme Dewey Decimal Classification
Existencias
Withdrawn status Lost status Source of classification or shelving scheme Damaged status Not for loan Home library Current library Date acquired Total Checkouts Full call number Barcode Date last seen Copy number Price effective from Koha item type
    Dewey Decimal Classification     Main Library Main Library 08/09/2023   658.82 B876p 12001806 08/09/2023 01 08/09/2023 Libros